Statistics for New Zealand General Knowledge Quiz

Click here to take the quiz!

General Stats

  • This quiz has been taken 14,674 times
  • The average score is 10 of 15

Answer Stats

HintAnswer% Correct
The capital of New Zealand is...?Wellington
99%
What is the national bird of New Zealand?Kiwi
97%
Which city in New Zealand recently suffered a series of devistating earthquakes?Christchurch
88%
What sie of the road do you drive on in NZ?Left
88%
Who is the current Prime Minister of New Zealand? (December 2012)John Key
84%
What is the common name of the Parliament building in NZ?The Beehive
82%
What are the Navive peoples of NZ?Maori
57%
Which city in New Zealand constantly smells of sulphur?Rotorua
56%
True or False, English is NOT an official language of New Zealand.True
56%
What city is the Art Deco capital?Napier
54%
What farm animal do most people immediately associate with NZ?Sheep
51%
Name the small island off the southern coast of the South Island.Stewart Island
49%
Name the missing mountain: Ngauruhoe, Tongariro, ___.Ruapehu
36%
Which region is known as 'the Fruitbowl' of New Zealand?Hawkes Bay
30%
The northernmost tip of NZ is called...Cape Reinga
28%

Score Distribution

Percentile by Number Answered

Percent of People with Each Score

Your Score History

You have not taken this quiz